000 01153cam a22003375a 4500
001 17196320
003 NUST
005 20211207093849.0
008 120305s2012 pk bl 000 0 eng
010 _a 2011329754
020 _a9789695570937
025 _aP-E-2011329754; 47
037 _bLibrary of Congress -- Islamabad Overseas Office
_cRs 1800
038 _awaseem
040 _aDLC
_cDLC
042 _alcode
043 _aa-pk---
050 0 0 _aKPL2155.A43
_b.B37 2012
082 _a342.083095491
_bBAS
100 1 _aBasit, Mohammad Abdul.
_985859
245 1 4 _aThe foreigners laws :
_bupto date and including all amendments and caselaw i.e. [case law] : containing laws relating to foreigners, emigration, passports ... /
_cby Muhammad Abdul Basit,
260 _aRawalpindi :
_bFederal Law House,
_c2020.
300 _a650 p. ;
_c24 cm.
504 _aIncludes bibliographical references.
563 _aHBK.
650 0 _aAliens
_zPakistan.
_985860
700 1 _aAhmed, Shakil,
_cB.A., LL.B.
_985861
906 _a7
_bibc
_corigode
_d2
_encip
_f20
_gy-gencatlg
942 _2ddc
_cBK
999 _c587136
_d587136